Las naciones extranjeras y la persecución religiosa

Saved in:
Bibliografiske detaljer
Hovedforfatter: López Ortega, José Antonio (autor)
Format: Bog
Sprog:spansk
Udgivet: Ciudad de México s.n 1944
Fag:
Tags: Tilføj Tag
Ingen Tags, Vær først til at tagge denne postø!

MARC

LEADER 00000nam a2200000 a 4500
001 UCT7904
003 CL-VaPUC
008 970317e19440000mx |||||||||||||||||spa|d
082 0 4 |a 272.9  |b LOP  |2 21 
100 |a López Ortega, José Antonio  |e autor  |9 379169 
245 1 4 |a Las naciones extranjeras y la persecución religiosa 
300 |a 374 p 
942 |c BK 
945 |d 19970317 00:00:00  |a paguirre 
260 |a Ciudad de México  |b s.n  |c 1944 
650 0 |a Iglesia Católica  |9 256114 
650 0 |a Discriminación religiosa  |9 379170 
650 7 |a CONFLICTO RELIGIOSO  |2 CL-VaPUC  |9 337528 
650 0 |a Iglesia y Estado  |9 254995 
650 7 |a LIBERTAD RELIGIOSA  |2 CL-VaPUC  |9 379171 
651 0 |a México  |9 255269 
583 |a last modification  |c 20171228 04:29:02  |k Rodrigo Vera 
999 |c 256450  |d 256448 
952 |0 0  |1 0  |4 0  |6 272_900000000000000_LOP_1944  |7 0  |8 A  |9 279191  |a BIBDER  |b BIBDER  |d 2019-11-19  |i 1809431  |o 272.9 LOP 1944  |p 1809431  |r 2023-01-25  |w 2019-11-19  |y BK  |k DER 
952 |0 0  |1 0  |4 0  |6 272_900000000000000_LOP_1944  |7 0  |8 A  |9 279192  |a BIBTEO  |b BIBTEO  |d 2019-11-19  |i 3910660  |o 272.9 LOP 1944  |p 3910660  |r 2025-01-17  |w 2019-11-19  |y BK  |k ICR